| 000 | 00910nmc a2200301 a 4500 | ||
|---|---|---|---|
| 003 | AR-BaBNM | ||
| 005 | 20251128203431.0 | ||
| 008 | 027019s1965 ||||||||||||||000 | spa|| | ||
| 040 | _cAR-BaBNM | ||
| 100 | 1 | _aPanettieri, José | |
| 245 | 1 | 0 | _aLos trabajadores en tiempos de la inmigración masiva en Argentina 1870-1910 |
| 260 |
_aLa Plata _bUniversidad Nacional de La Plata _c1965 |
||
| 300 |
_a193 p. _bmapas,láms.,tablas |
||
| 490 | 0 |
_aMonografías y tesis _vv. VIII |
|
| 504 | _abibliografía para consultar p. 187-190. | ||
| 650 | 4 | _aSINDICALISMO | |
| 650 | 4 | _aSINDICATOS | |
| 650 | 4 | _aHISTORIA DEL TRABAJO | |
| 650 | 4 | _aHISTORIA SINDICAL | |
| 650 | 4 | _aHISTORIA SOCIAL | |
| 650 | 4 | _aHISTORIA DE LAS COSTUMBRES | |
| 650 | 4 | _aMOVIMIENTO OBRERO | |
| 650 | 4 | _aINMIGRACION EN ARGENTINA | |
| 651 | 4 | _aArgentina | |
| 800 | 1 |
_aBarba, Enrique M. _edirector |
|
| 942 | _cBK | ||
| 998 | _cmariana | ||
| 999 |
_c3372 _d3372 |
||